000 00620nam a2200229Ia 4500
003 OSt
005 20220923230547.0
006 a|||||r|||| 00| 0
007 ta
008 Pun
024 _a283,222
037 _cTextual
040 _aARTS
_cARTS
_bPun
041 _2Pun
_aPun
082 _aO153,3NSUx, L6
100 _aਸੂਰੀ, ਆਤਮਜੀਤ
_9156291
245 0 _aਹਨੇਰੇ ਤੋ੍ਵ ਚਾਨਣ ਤੱਕ
260 _c1976
650 _aਪੰਜਾਬੀ ਸਾਹਿਤ
942 _hO153,3NSUx, L6
_cTEXL
_2CC
999 _c385710
_d385710